Normale Ansicht MARC-Ansicht ISBD

Politics in independent Poland : (Titelsatznr. 42379)

[ MARC ]
MARC-Details
000 -Satzkennung
Kontrollfeld mit fester Länge 00572nam a22002051c 4500
001 - Kontrollnummer
Kontrollfeld 192344242
008 - Feld mit fester Länge zur physischen Beschreibung - Allgemeine Angaben
Kontrollfeld mit fester Länge 170607s1972 gw |||| 000u eng d
020 ## - Internationale Standardbuchnummer
Internationale Standardbuchnummer 0198271824
Verknüpfung 0-19-827182-4
041 ## - Sprachcode
Sprachcode des Textes/der Tonspur oder des separaten Titels eng
040 ## - Katalogisierungsquelle
Übertragungsstelle RU-10907106
003 - Kontrollnummer Identifier
Kontrollfeld RU-10907106
100 1# - Haupteintragung - Personenname
Personenname Polonsky, Antony
245 00 - Titel
Titel Politics in independent Poland :
Zusatz zum Titel 1921 - 1939 ; the crisis of constitutional government /
Verfasserangabe etc. Antony Polonsky
264 ## - Produktion, Veröffentlichung, Distribution, Herstellung und Urheberrechtsvermerk
Herstellungs-, Veröffentlichungs- Vertriebs-, Erzeugungsort Oxford :
Produzent, Herausgeber, Distributor, Hersteller Clarendon Press,
Datum der Herstellung, der Veröffentlichung, des Vertriebs oder des Urheberschutzvermerks 1972
300 ## - Physische Beschreibung
Umfang XVI, 572 S : Kt
648 #0 - Nebeneintragung unter einem Schlagwort - Zeitschlagwort
Zeitschlagwort 1921-1939
650 #0 - Nebeneintragung unter einem Schlagwort - Sachschlagwort
Sachschlagwort oder geografischer Name als Eintragungselement Politik
651 #0 - Nebeneintragung unter einem Schlagwort - Geografischer Name
Geografischer Name Polen
942 ## - Zusätzliche Felder (Koha)
Koha-Medientyp Monographien
Exemplare
Ausgeschieden Verloren Klassifikation oder Aufstellungssystematik Beschädigt Nicht entleihbar Heimatbibliothek Aufenthaltsbibliothek Aufstellungsort Erwerbungsdatum Inventarnummer Signatur Barcode Letzte Aktivität Preis gültig von Koha-Medientyp
    Andere/Generische Klassifikation     MWN Osteuropa MWN Osteuropa Lesesaal - 1 07/06/2017 17-02689 W 62 F n Polen 4 E004015073F75F38 22/02/2021 22/03/2021 Monographien